000 00753nam a22002537a 4500
003 CHAP
005 20220329140953.0
008 971013s1953 r 00010 d
010 _a60686
011 _a61658
035 _a65826
040 _cCHAP
082 _a635.933195
_bF7
100 0 0 _aFree, Montague.
_943104
245 _aAll about african violets
_b: the complete guide to success with Saintpaulias
260 _aGarden City, N.Y. :
_bDoubleday,
_c1953
300 _a251 p.
_b: ilus.
590 _aBATCH-UPD
_b10
_c20130110
_lUCH01
_h1818
590 _aCONVERSION
_b10
_c20130109
_lUCH01
_h1333
650 1 4 _aVioletas.
_9119893
901 _aBK
942 _cLIBRO
949 _a635.933195 F7
_bBC
_cLIBRO
_d33724000254322
_eLIBRO
_h70948
_i65826
_si
999 _c60686
_d60686